Cinéma américain - Décodeur - Statistiques

Statistiques générales
  • Ce quiz a été pris 24 158 fois
    19 673 depuis la dernière actualisation
  • Le résultat moyen est 9 sur 16
Statistiques - réponses
Indice Réponse % Correct
Célèbre film de James Cameron se déroulant sur la planète Pandora Avatar
94%
Film d'animation Pixar avec Flash Mcqueen en tant que personnage principal Cars
93%
Il répète fréquemment "Téléphone - Maison" dans un film à son nom E.T L'extra-terrestre
89%
Les acteurs Patrick Swayze et Jennifer Grey dansent sur (I've had) The time of my life Dirty Dancing
74%
Couleur que l'on retrouve dans le titre d'un célèbre film de Stanley Kubrick Orange
71%
Les Audacieux, les Erudits, ou encore les Altruistes sont des catégories divisant la société où se déroule cette série de films Divergente
70%
Pseudonyme de Thomas dans Matrix Neo
65%
Rêve et réalité y sont difficiles à différencier, surtout si l'on n'a pas de "totem" Inception
62%
Acteur ayant joué dans Shining et Vol au dessus d'un nid de coucou Jack Nicholson
55%
Steven Stifler est l'un des personnages principaux de cette série de films American Pie
39%
Film mettant en scène Théodore, amoureux d'une intelligence artificielle Her
39%
Film caché {Django} {Unchained}
29%
David Rice peut se téléporter où il veut, de l'Egypte au Japon en passant par le Colisée de Rome Jumper
25%
Film de David Fincher adapté du roman les Apparences de Gillian Flynn Gone Girl
22%
Film d'où est extraite cette citation : "Le coup le plus rusé que le diable ait jamais réussi, c’est de faire croire à tout le monde qu’il n’existait pas." Usual Suspects
20%
Lou Bloom vend des images choc aux chaînes de télévision obtenues grâce à la réception des fréquences radio de la police Night Call
17%
Aucun quiz correspondant
Distribution des résultats
% des personnes avec chaque résultat
Percentile par nombre de réponses
Votre historique - résultats
Vous n’avez pas pris ce quiz depuis la dernière actualisation